[Event "TCh-BEL2 2003-4"]
[Site "Belgium BEL"]
[Date "2003.12.14"]
[Round "1"]
[White "Decoster,F"]
[Black "Bouhallel,R"]
[Result "1/2-1/2"]
[WhiteElo "2115"]
[BlackElo "2302"]

1.e4 c5 2.Nf3 e6 3.d4 cxd4 4.Nxd4 a6 5.Nc3 Qc7 6.g3 b5 7.Bg2 Bb7 8.O-O Nf6
9.Re1 d6 10.a4 b4 11.Nd5 exd5 12.exd5+ Kd8 13.Bg5 Nd7 14.Qe2 Qb6 15.c3 h6
16.Be3 Bxd5 17.Bxd5 Nxd5 18.Ne6+ fxe6 19.Bxb6+ N7xb6 20.Qxe6 bxc3 21.a5 Nc7
22.Qf7 Nd7 23.bxc3 Rb8 24.c4 Rb4 25.Re2 h5 26.Rae1 h4 27.f4 hxg3 28.hxg3 Rh6
29.Re7 Bxe7 30.Rxe7 Rb1+ 31.Kg2 Rb2+ 32.Kf3 Rb3+ 33.Kg2 Rb2+ 34.Kg1 Rb1+
35.Kg2  1/2-1/2

[Event "CGT Magistral"]
[Site "Buenos Aires ARG"]
[Date "2003.12.14"]
[Round "4"]
[White "Coelho,L"]
[Black "Fiorito,F"]
[Result "1/2-1/2"]
[WhiteElo "2378"]
[BlackElo "2420"]

1.e4 c5 2.Nf3 e6 3.d4 cxd4 4.Nxd4 a6 5.Nc3 Qc7 6.Bd3 Nf6 7.f4 d6 8.Qf3 Nc6
9.Be3 Be7 10.O-O-O O-O 11.g4 Nxd4 12.Bxd4 e5 13.fxe5 dxe5 14.Qg3 Bd6 15.Be3 Be6
16.Rhf1 Be7 17.Bg5 Nxg4 18.Bxe7 Qxe7 19.h3 Nf6 20.Rg1 g6 21.Qxe5 Nd7 22.Qg3 Rfd8
23.h4 Rac8 24.Be2 Rc5 25.Bg4 Bxg4 26.Qxg4 h5 27.Qh3 Nf6 28.Rxd8+ Qxd8 29.Qf3 Ng4
30.Rf1 Rc7 31.Nd5 Rd7 32.Qg3 Qa5 33.a3 Qc5 34.Kb1 Qc4  1/2-1/2

[Event "Bundesliga 2003-4"]
[Site "Koelln GER"]
[Date "2003.12.14"]
[Round "6"]
[White "Borriss,M"]
[Black "Wahls,M"]
[Result "1-0"]
[WhiteElo "2445"]
[BlackElo "2546"]

1.e4 c5 2.Nf3 e6 3.d4 cxd4 4.Nxd4 a6 5.Nc3 Qc7 6.Be2 Nf6 7.O-O Bb4 8.Qd3 Nc6
9.Nxc6 bxc6 10.f4 d5 11.e5 Nd7 12.b3 Bb7 13.Bb2 Be7 14.Qg3 g6 15.Na4 c5 16.c4 d4
17.Bc1 O-O 18.Bd2 f5 19.exf6 Nxf6 20.Qh3 Rae8 21.Bf3 Bc8 22.Qg3 Bd6 23.Rae1 Kh8
24.Qh4 Ng8 25.Be4 Ne7 26.b4 Nf5 27.Bxf5 gxf5 28.Nxc5 Bxc5 29.bxc5 Bb7 30.h3 Rf7
31.Kh2 Qxc5 32.Rg1 Qxc4 33.Bc1 Qxa2 34.Rd1 Rg8 35.Rd2 Qa5 36.Qf2 e5 37.Bb2 Rfg7
38.g3 h6 39.fxe5 Kh7 40.Qxf5+ Rg6 41.Rxd4 Qa2 42.Rd7+ Rg7 43.Rxg7+ Kxg7 44.Qd7+  1-0

[Event "87th Marshall CCC"]
[Site "New York USA"]
[Date "2003.12.14"]
[Round "8"]
[White "Sena,J"]
[Black "Teasley,D"]
[Result "1-0"]
[WhiteElo "2163"]
[BlackElo "2142"]

1.e4 c5 2.Nf3 e6 3.d4 cxd4 4.Nxd4 a6 5.Nc3 Qc7 6.Be2 Nf6 7.O-O Nc6 8.Be3 b5
9.Nxc6 dxc6 10.a3 Bb7 11.f4 c5 12.e5 Nd5 13.Nxd5 Bxd5 14.c4 bxc4 15.Qc2 Rb8
16.Bxc4 Bxc4 17.Qxc4 Qb6 18.Rac1 Rc8 19.b4 Be7 20.Bxc5 Bxc5+ 21.bxc5 Qc6
22.Rfd1 Ke7 23.Rd6 Qb5 24.Qd4 Rc7 25.a4 Qa5 26.c6 Re8 27.Rd7+  1-0

[Event "87th Marshall CCC"]
[Site "New York USA"]
[Date "2003.12.14"]
[Round "8"]
[White "Thaler,Mi"]
[Black "Shapiro,D"]
[Result "0-1"]
[WhiteElo "2093"]
[BlackElo "2264"]

1.e4 c5 2.Nf3 e6 3.d4 cxd4 4.Nxd4 a6 5.Nc3 Qc7 6.Bd3 Nf6 7.O-O d6 8.Be3 Be7
9.Kh1 b5 10.Qe2 Bb7 11.f3 Nbd7 12.a4 b4 13.Nb1 d5 14.Nd2 dxe4 15.Nxe4 Nxe4
16.Bxe4 Bxe4 17.fxe4 Bf6 18.c3 bxc3 19.Qc2 Be5 20.Qxc3 Qxc3 21.bxc3 O-O 22.Rad1 Nf6
23.Bc1 Nxe4 24.Rde1 Bxd4 25.cxd4 Nc3 26.a5 Rfd8 27.Bb2 Nb5 28.Rf4 Rd5 29.Ref1 Ra7
30.Rc1 h6 31.Rc5 Rad7 32.h3 g5 33.Re4 Na7 34.Re5 R5d6 35.Re1 Rb7 36.Ba1 Rb5
37.Rec1 Rxc5 38.dxc5 Rc6 39.Bf6 Rc8 40.h4 gxh4 41.Rc4 h5 42.Kh2 Kh7 43.Rxh4 Rxc5
44.Bd8 Nc6 45.Bb6 Rg5 46.Rc4 Nxa5 47.Ra4 Nb3 48.Rxa6 Nd2 49.Ra4 Kg6 50.Kg1 Nf3+
51.Kf2 Ne5 52.Bd8 Rg4 53.Ra8 Nd3+ 54.Ke3 Rg3+ 55.Ke2 Nf4+ 56.Kf2 Rxg2+ 57.Kf3 Rg4
58.Ra4 Kf5 59.Ra5+ e5  0-1

[Event "6th Open"]
[Site "Tanta City EGY"]
[Date "2003.12.14"]
[Round "7"]
[White "Eldesoky,H"]
[Black "Frhat,A"]
[Result "0-1"]
[WhiteElo "2269"]
[BlackElo "2313"]

1.e4 c5 2.Nf3 e6 3.d4 cxd4 4.Nxd4 a6 5.Nc3 b5 6.a4 b4 7.Nce2 Bb7 8.Ng3 d5
9.e5 Nd7 10.f4 Bc5 11.Be3 Ne7 12.Bd3 Nc6 13.Nxc6 Bxc6 14.Bxc5 Nxc5 15.O-O g6
16.b3 O-O 17.Qd2 a5 18.Nh1 f5 19.exf6 Qxf6 20.Rae1 Qd4+ 21.Qe3 Qxe3+ 22.Rxe3 d4
23.Rg3 Nxd3 24.Rxd3 Be4 25.Rd2 Rac8 26.Rff2 d3 27.cxd3 Bd5 28.Ng3 Bxb3 29.h3 Bxa4
30.Ra2 Bb5 31.Rxa5 Bxd3 32.Rd2 Rfd8 33.Ra7 b3 34.Kh2 Bc2 35.Rxd8+ Rxd8 36.Rb7 Rd2
37.h4 Kf8 38.Rb6 Ke7 39.Nf1 Re2 40.Kg3 Bd1 41.Kf3 Ra2+ 42.Ke4 Rxg2 43.Ne3 Bc2+
44.Kd4 Rd2+ 45.Ke5 Re2 46.Rb7+ Kd8 47.Kd6 Kc8 48.Rc7+ Kb8 49.Nc4 b2 50.Nxb2 Rd2+  0-1

[Event "1st GM"]
[Site "Kish IRI"]
[Date "2003.12.15"]
[Round "4"]
[White "Ardeshi,M"]
[Black "Mahjoob,M"]
[Result "0-1"]
[WhiteElo "2339"]
[BlackElo "2408"]

1.e4 c5 2.Nf3 e6 3.d4 cxd4 4.Nxd4 a6 5.Nc3 b5 6.Bd3 Qb6 7.Nb3 Qc7 8.O-O Nf6
9.a3 Be7 10.f4 d6 11.Qf3 Nc6 12.g4 b4 13.axb4 Nxb4 14.Na5 Nd7 15.Be3 Rb8
16.g5 g6 17.h4 h5 18.Rf2 O-O 19.Bf1 Re8 20.Qd1 Bf8 21.Rd2 d5 22.e5 Nc5 23.Bg2 Bd7
24.Bd4 Rec8 25.Bf3 Be8 26.f5 Nd7 27.fxe6 fxe6 28.Qe1 Bc5 29.Bxc5 Nxe5 30.Kg2 Nxf3
31.Kxf3 Qxc5 32.Qxe6+ Bf7 33.Qf6 Nxc2 34.Rxc2 d4 35.Rac1 dxc3 36.Rxc3 Qd5+
37.Kg3 Rxc3+ 38.Qxc3 Qd6+ 39.Kg2 Rb4  0-1

[Event "1st GM"]
[Site "Kish IRI"]
[Date "2003.12.17"]
[Round "7"]
[White "Kupreichik,V"]
[Black "Ardeshi,M"]
[Result "1/2-1/2"]
[WhiteElo "2496"]
[BlackElo "2339"]

1.e4 c5 2.Ne2 e6 3.Nbc3 a6 4.d4 cxd4 5.Nxd4 Qc7 6.Be2 Nc6 7.f4 d6 8.Be3 Nf6
9.g4 Nxd4 10.Bxd4 e5 11.Bf2 exf4 12.g5 Nd7 13.Qd2 Be7 14.Qxf4 Qa5 15.Bc4 Ne5
16.Bd5 Bxg5 17.Qg3 O-O 18.h4 Bh6 19.Bd4 Qb4 20.Be3 Bxe3 21.Qxe3 Qxb2 22.Kd2 Be6
23.Bb3 Rac8 24.Rhg1 g6 25.h5 Nc4+ 26.Bxc4 Rxc4 27.hxg6 fxg6 28.Rab1 Qxc3+
29.Qxc3 Rf2+ 30.Ke3 Rxc3+ 31.Kxf2 Rxc2+ 32.Ke3 b5 33.Rbc1 Rxa2 34.Rc6 b4
35.Rxd6 Kf7 36.Rc1 Ra5 37.Rcc6 b3 38.Rxa6 Rxa6 39.Rxa6 Kf6 40.Ra1 h5 41.Rf1+ Ke5
42.Rg1 Kf6 43.Rf1+ Ke5 44.Rg1 h4 45.Rxg6 h3 46.Rg5+ Kf6 47.Rg1 h2 48.Re1 b2
49.Kf3 Ba2 50.Kg2 b1=Q  1/2-1/2

[Event "1st GM"]
[Site "Kish IRI"]
[Date "2003.12.19"]
[Round "9"]
[White "Kupreichik,V"]
[Black "Moradiabadi,E"]
[Result "0-1"]
[WhiteElo "2496"]
[BlackElo "2354"]

1.e4 c5 2.Nf3 e6 3.Nc3 a6 4.d4 cxd4 5.Nxd4 Qc7 6.Be2 Nf6 7.Qd3 Nc6 8.Bg5 Nxd4
9.Qxd4 Bc5 10.Qd3 b5 11.Bf3 Qe5 12.Bh4 Nh5 13.Qd2 Bb7 14.O-O-O d6 15.Rhe1 Qf4
16.Bg5 Qxd2+ 17.Rxd2 g6 18.Bxh5 gxh5 19.h4 Rc8 20.Nd5 Bxd5 21.exd5 Kd7 22.dxe6+ fxe6
23.Bf4 Rhf8 24.g3 Rf5 25.Re4 d5 26.Re5 Rxe5 27.Bxe5 Rf8 28.f4 Be3 29.Bd4 Bxd2+
30.Kxd2 Rg8 31.Bf2 e5 32.fxe5 Ke6 33.Ke3 Kxe5 34.Kd3 Rg4 35.c3 Re4 36.Be3 Kf5
37.b3 Kg4 38.Bf4 Rxf4 39.gxf4 Kxh4 40.Kd4 Kg4 41.Ke5 h4 42.f5 h3 43.f6 h2
44.f7 h1=Q 45.f8=Q Qe4+ 46.Kd6 Qf4+ 47.Qxf4+ Kxf4 48.Kxd5 h5 49.c4 bxc4 50.bxc4 h4  0-1

[Event "Christmas Open"]
[Site "Zadar CRO"]
[Date "2003.12.19"]
[Round "7"]
[White "Jurkovic,A"]
[Black "Ljubicic,F"]
[Result "0-1"]
[WhiteElo "2317"]
[BlackElo "2398"]

1.e4 c5 2.Nf3 e6 3.d4 cxd4 4.Nxd4 a6 5.Nc3 Qc7 6.Be3 Nc6 7.Qd2 Nf6 8.O-O-O Bb4
9.f3 Ne5 10.Nb3 b5 11.Kb1 Be7 12.Qf2 Rb8 13.g4 d6 14.Rg1 Nc4 15.Bxc4 bxc4
16.Nd4 Nd7 17.g5 Nc5 18.Ka1 Bd7 19.Nde2 Qb6 20.Rb1 Qa5 21.Bxc5 Qxc5 22.Qxc5 dxc5
23.Rbd1 Bc6 24.f4 h6 25.g6 O-O 26.gxf7+ Rxf7 27.Rg6 Rf6 28.Rxf6 Bxf6 29.Rd6 Bxe4
30.Rxa6 Bxc2 31.Rxe6 Bd3 32.a4 Kf7 33.Rc6 Bxe2 34.Nxe2 Bxb2+ 35.Ka2 Bf6 36.Ng3 Rb2+
37.Ka3 Rxh2 38.Ne4 Bb2+ 39.Ka2 Bd4+ 40.Ka3 Rh3+ 41.Ka2 Rh1 42.Nd6+ Ke6 43.Nxc4+ Kd5
44.Na5 Bc3 45.Ra6 c4  0-1

[Event "ch-Arab m"]
[Site "Cairo EGY"]
[Date "2003.12.21"]
[Round "2"]
[White "Doghri,N"]
[Black "Abdelnabbi,I"]
[Result "1/2-1/2"]
[WhiteElo "2313"]
[BlackElo "2484"]

1.e4 c5 2.Nf3 e6 3.d4 cxd4 4.Nxd4 a6 5.Nc3 b5 6.Be3 Bb7 7.Qd2 b4 8.Na4 Nf6
9.f3 d5 10.Nb3 dxe4 11.Qxd8+ Kxd8 12.O-O-O+ Ke8 13.Na5 Bd5 14.Nb6 exf3 15.Nxa8 Bxa8
16.Rg1 fxg2 17.Bxg2 Bxg2 18.Rxg2 Nd5 19.Rxd5 exd5 20.Bf4 Nd7 21.Re2+ Kd8
22.Nc6+ Kc8 23.Re8+ Kb7 24.Nd8+ Kb6 25.Nxf7 Rg8 26.Rd8 Nf6 27.Be3+ Bc5 28.Rd6+ Kb5
29.Bxc5 Kxc5 30.Rxa6 Re8 31.Kd1 Ng4 32.Ng5 Nf2+ 33.Kc1 Re1+ 34.Kd2 Rh1 35.Ne6+ Kb5
36.Nc7+ Kc4 37.Ke3 Nd1+ 38.Kf4 Rf1+ 39.Ke5 Re1+ 40.Kf4 Re4+ 41.Kf3 Nxb2 42.Rc6+ Kd4
43.Ne6+ Ke5 44.Nxg7 Nc4 45.Re6+ Kd4 46.Nf5+ Kc3 47.Rxe4 Nd2+ 48.Ke3 Nxe4
49.Nd4 Nd6 50.Nc6 Nb5 51.Kf4 Kc4 52.Ke5 Nc3 53.Na5+ Kb5 54.Nb3 Kc4 55.Na5+ Kb5
56.Nb3 Kc4 57.Na5+  1/2-1/2

[Event "ch-Arab m"]
[Site "Cairo EGY"]
[Date "2003.12.22"]
[Round "3"]
[White "Tissir,M"]
[Black "El Gindy,E"]
[Result "0-1"]
[WhiteElo "2405"]
[BlackElo "2501"]

1.e4 c5 2.Nf3 e6 3.d4 cxd4 4.Nxd4 a6 5.Nc3 b5 6.Bd3 Qb6 7.Nf3 Qc7 8.O-O Bb7
9.Re1 d6 10.a4 b4 11.Na2 Nf6 12.Bf4 Nc6 13.c3 bxc3 14.Nxc3 Be7 15.Rc1 Qb6
16.Qe2 O-O 17.e5 dxe5 18.Nxe5 Nxe5 19.Bxe5 Rac8 20.Ne4 Bxe4 21.Bxe4 Nxe4
22.Qxe4 Qb4 23.Rc3 Rfd8 24.Qc2 Rc5 25.h3 Rdd5 26.Re4 Qb7 27.Bd4 Rxc3 28.Bxc3 Qd7
29.Re1 h6 30.Qe4 Bc5 31.Re2 Bd4 32.Rc2 e5 33.Rd2 f5 34.Qf3 Rd6 35.Bb4 Rc6
36.Bc3 Rd6 37.Bb4 Rd5 38.Bc3 Kh7 39.Qd1 Rd6 40.Bb4 Rg6 41.Qf3 Qxa4 42.Bc3 Qd7
43.h4 Rg4 44.g3 Re4 45.Kh2 Qf7 46.Bxd4 exd4 47.Qa3 Qd5 48.h5 Re1 49.f3 Qf7
50.g4 fxg4 51.Qd3+ Kh8 52.fxg4 Qf4+  0-1

[Event "Lindsborg Open"]
[Site "Kansas USA"]
[Date "2003.12.22"]
[Round "8"]
[White "Nedev,T"]
[Black "Agrest,E"]
[Result "1/2-1/2"]
[WhiteElo "2480"]
[BlackElo "2605"]

1.e4 c5 2.Nf3 e6 3.Nc3 a6 4.d4 cxd4 5.Nxd4 Qc7 6.Bd3 Bc5 7.Nb3 Be7 8.O-O d6
9.f4 Nd7 10.Qe2 Ngf6  1/2-1/2

[Event "ch-Arab m"]
[Site "Cairo EGY"]
[Date "2003.12.24"]
[Round "5"]
[White "Hakki,I"]
[Black "El Gindy,E"]
[Result "0-1"]
[WhiteElo "2454"]
[BlackElo "2501"]

1.e4 c5 2.Nf3 e6 3.Nc3 a6 4.d4 cxd4 5.Nxd4 Qc7 6.g3 Nf6 7.Bg2 Be7 8.O-O O-O
9.Re1 d6 10.a4 Nc6 11.Nxc6 bxc6 12.a5 Bb7 13.Be3 c5 14.f4 Rfd8 15.Bf2 Rab8
16.Qe2 Bf8 17.g4 d5 18.e5 d4 19.Bxb7 dxc3 20.bxc3 Qxb7 21.exf6 gxf6 22.f5 e5
23.Ra4 Qc6 24.Re4 Bh6 25.Qf3 Rd6 26.h4 Bf4 27.Be3 Bxe3+ 28.Qxe3 Kh8 29.g5 Rg8
30.Rg4 Qd7 31.Rf1 Rd1 32.Qf3 Rxf1+ 33.Kxf1  0-1

[Event "Open"]
[Site "Pamplona ESP"]
[Date "2003.12.24"]
[Round "5"]
[White "Cheparinov,I"]
[Black "Ivanov,J"]
[Result "1/2-1/2"]
[WhiteElo "2531"]
[BlackElo "2426"]

1.e4 c5 2.Nf3 e6 3.d4 cxd4 4.Nxd4 a6 5.Nc3 Qc7 6.Be3 Nc6 7.Be2 Nf6 8.O-O Be7
9.f4 d5 10.Qe1 O-O 11.Qg3 Nxd4 12.Bxd4 b5 13.a3 Bb7 14.Rae1 Bc6 15.Kh1 Qb7
16.Bd3 b4 17.axb4 Qxb4 18.Ne2 Qb7 19.Nc3 Qb4 20.Ne2 Qb7  1/2-1/2

[Event "Open"]
[Site "Lilie Litomysl CZE"]
[Date "2003.12.26"]
[Round "1"]
[White "Nemec,O"]
[Black "Gross,S"]
[Result "0-1"]
[WhiteElo "2056"]
[BlackElo "2310"]

1.e4 c5 2.Nf3 e6 3.d4 cxd4 4.Nxd4 a6 5.Nc3 Qc7 6.Be2 b5 7.a3 Bb7 8.f4 d6
9.O-O Nf6 10.Bf3 Nbd7 11.Be3 Be7 12.Nb3 O-O 13.Qe1 Rad8 14.Qf2 d5 15.exd5 exd5
16.g3 Ne4 17.Nxe4 dxe4 18.Bg2 Rc8 19.Rad1 Nf6 20.Bh3 Qxc2 21.Bxc8 Qxc8 22.Qe2 Bd5
23.Nd2 Qc2 24.Rfe1 Qxb2 25.Nb1 Qb3 26.Bd4 Bc4 27.Qb2 Rd8 28.Qf2 Ng4 29.Qb2 Qxb2
30.Bxb2 Bc5+  0-1

[Event "12th Donau Open"]
[Site "Aschach GER"]
[Date "2003.12.27"]
[Round "2"]
[White "Priborsky,J"]
[Black "Weiss,C"]
[Result "1-0"]
[WhiteElo "2220"]
[BlackElo "2402"]

1.e4 c5 2.Nf3 e6 3.d4 cxd4 4.Nxd4 a6 5.Nc3 Qc7 6.Bd3 Nf6 7.O-O Nc6 8.Be3 Ne5
9.h3 Bc5 10.Kh1 d6 11.f4 Nc6 12.e5 Bxd4 13.Bxd4 dxe5 14.fxe5 Nxe5 15.Rxf6 gxf6
16.Ne4 Nd7 17.Qf3 Rf8 18.Re1 Qc6 19.Bxf6 Nxf6 20.Qxf6 e5 21.Nd6+ Kd7 22.Rd1 Kc7
23.Be4 Qd7 24.Qxe5  1-0

[Event "20th Open"]
[Site "Boeblinger GER"]
[Date "2003.12.27"]
[Round "3"]
[White "Konson,K"]
[Black "Kessler,S"]
[Result "1-0"]
[WhiteElo "2251"]
[BlackElo "2040"]

1.e4 c5 2.Nf3 e6 3.d4 cxd4 4.Nxd4 a6 5.Nc3 Qc7 6.Be3 Nf6 7.Bd3 Bb4 8.Ne2 Nc6
9.O-O O-O 10.Ng3 Qa5 11.f4 Bxc3 12.bxc3 Qxc3 13.e5 Nd5 14.Ne4 Qa5 15.Qh5 Ncb4
16.Bc5 Nxd3 17.Bxf8 N3xf4 18.Qf3 Kxf8 19.c4 Qb6+ 20.Kh1 Qe3 21.cxd5 Qxf3
22.Rxf3 Nxd5 23.Nd6 f5 24.exf6 gxf6 25.Rc1 Ne7 26.Rxf6+ Kg8 27.Rcf1 Nf5 28.Nxf5 exf5
29.R1xf5 b5 30.Rg5+  1-0

[Event "ch-Arab w"]
[Site "Cairo EGY"]
[Date "2003.12.27"]
[Round "8"]
[White "Al Rufei,EH"]
[Black "Mir Mahmoud,A"]
[Result "1-0"]
[WhiteElo "2076"]
[BlackElo "2052"]

1.e4 c5 2.Nf3 e6 3.d4 cxd4 4.Nxd4 a6 5.Nc3 b5 6.g3 Bb7 7.Bg2 b4 8.Na4 Nf6
9.Qe2 Qa5 10.b3 Nc6 11.Bb2 Be7 12.O-O O-O 13.Rfd1 Rab8 14.Rac1 Nxd4 15.Bxd4 Bc6
16.Nb2 d5 17.exd5 Bxd5 18.Bxd5 Nxd5 19.Nc4 Qb5 20.Be5 Rbd8 21.Qf3 Bf6 22.Re1 Rd7
23.Bxf6 Nxf6 24.a4 Qc5 25.Re5 Rd5 26.Qe3 Rxe5 27.Qxe5 Qxe5 28.Nxe5 Nd5 29.Rd1 Rc8
30.Nc4 Kf8 31.Kf1 Ke7 32.Rd4 f6 33.Ke1 Rc5 34.Ne3 Nxe3 35.fxe3 a5 36.Kd2 e5
37.Rd3 e4 38.Rd4 f5 39.g4 g6 40.h3 h6 41.h4 Ke6 42.g5 hxg5 43.hxg5 Ke5 44.Rd8 f4
45.Re8+ Kf5 46.Rf8+ Kxg5 47.Rxf4 Re5 48.c4 Kh5 49.Rf8 g5 50.Rb8 Kg6 51.Rb5 Re6
52.Rxa5 g4 53.Ke2 Rf6 54.Ra8 Kf7 55.Ra5 Kg6 56.Re5 g3 57.Rxe4 Rf2+ 58.Ke1 Kg5
59.Re8 Rb2 60.Kf1 Kg4 61.c5 Kf3 62.Rf8+ Kxe3 63.c6 Rc2 64.Rf6 Ke4 65.a5 Kd5
66.Rf4 Rc5 67.Rxb4 Kxc6 68.Rc4 Rxc4 69.bxc4 Kb7 70.c5 Ka7 71.Kg2 Ka6 72.c6 Ka7
73.Kxg3 Kb8 74.a6  1-0

[Event "Open"]
[Site "Lilie Litomysl CZE"]
[Date "2003.12.28"]
[Round "4"]
[White "Cernousek,L"]
[Black "Bernasek,J"]
[Result "1-0"]
[WhiteElo "2302"]
[BlackElo "2365"]

1.e4 c5 2.Nf3 e6 3.d4 cxd4 4.Nxd4 a6 5.Nc3 b5 6.Bd3 d6 7.O-O Nf6 8.Qe2 Be7
9.a4 bxa4 10.Nxa4 Bb7 11.Bd2 O-O 12.b4 Nbd7 13.Nb3 Ne5 14.Na5 Qc7 15.Rfc1 Nc6
16.Nxb7 Qxb7 17.c3 Ne5 18.Bb1 Rfc8 19.c4 Nc6 20.c5 dxc5 21.e5 Nd5 22.bxc5 g6
23.Be4 Re8 24.Rab1 Qc7 25.f4 Nd4 26.Qc4 Nb5 27.Rb3 Rad8 28.Rd3 Qc6 29.Ba5 Nbc7
30.Nb6 Rb8 31.Nxd5 exd5 32.Rxd5 Nxd5 33.Bxd5 Bxc5+ 34.Qxc5 Qxc5+ 35.Rxc5 Rec8
36.Bc7 Rb5 37.Rxb5 axb5 38.Bd6 Rc2 39.Kf1 Rb2 40.Ke1 b4 41.e6 Rb1+ 42.Kd2 fxe6
43.Bxe6+ Kg7 44.Kc2 Re1 45.Bd5 Rh1 46.h3 Rf1 47.Bf3 h6 48.Bxb4 g5 49.Bc3+ Kg6
50.Be4+ Kf7 51.f5 h5 52.Bd5+ Kf8 53.f6  1-0

[Event "33rd Rilton Cup"]
[Site "Stockholm SWE"]
[Date "2003.12.28"]
[Round "2"]
[White "Kulaots,K"]
[Black "Valenti,G"]
[Result "1-0"]
[WhiteElo "2530"]
[BlackElo "2305"]

1.e4 c5 2.Nf3 e6 3.d4 cxd4 4.Nxd4 a6 5.Nc3 Qc7 6.Be2 Nc6 7.O-O Nf6 8.Kh1 Be7
9.f4 d6 10.a4 O-O 11.Be3 Bd7 12.Nb3 b6 13.g4 Bc8 14.g5 Nd7 15.Rf3 Re8 16.Rh3 Bb7
17.Bf1 Nb4 18.Bg2 g6 19.Qd2 Rac8 20.Rc1 Bf8 21.Nd1 Na2 22.Ra1 Qxc2 23.Qxc2 Rxc2
24.Rxa2 Rxg2 25.Kxg2 Bxe4+ 26.Rf3 Bc2 27.Nd2 Bxd1 28.Rf1 Be2 29.Rc1 d5 30.Rc7 Nc5
31.a5 d4 32.Bxd4 Rd8 33.Be3 bxa5 34.b4 Nd3 35.Ne4 Bd1 36.Rd2 Ba4 37.bxa5 Bb4
38.Rxd3 Rxd3 39.Rc8+ Kg7 40.Nf6  1-0

[Event "24th Open"]
[Site "Bethune FRA"]
[Date "2003.12.29"]
[Round "6"]
[White "Roger,M"]
[Black "Noiroux,K"]
[Result "1/2-1/2"]
[WhiteElo "2206"]
[BlackElo "2064"]

1.e4 c5 2.Nf3 e6 3.d4 cxd4 4.Nxd4 a6 5.Nc3 b5 6.Bd3 Qb6 7.Be3 Bc5 8.Qg4 Bxd4
9.e5 Nc6 10.Qxg7 Bxe5 11.Qxe5 Nxe5 12.Bxb6 Bb7 13.Ne4 Bxe4 14.Bxe4 d5 15.Bd3 f6
16.f4 Nxd3+ 17.cxd3 Rc8 18.Kd2 Ne7 19.a4 b4 20.Rac1 Kf7 21.Bc7 h5 22.Bd6 Nc6
23.Ke3 h4 24.Kf2 Rhd8 25.Bc5 e5 26.Bb6 Rf8 27.Rc5 Ke6 28.Rhc1 Ne7 29.Rxc8 Rxc8
30.Rxc8 Nxc8 31.Bc5 b3 32.fxe5 fxe5 33.Kf3 Kf5 34.g4+ hxg3 35.hxg3 Ke6 36.g4 Ne7
37.Bxe7 Kxe7 38.d4 e4+ 39.Kf4 Kf6 40.g5+ Kg6 41.Kg4 e3 42.Kf3 Kxg5 43.a5 e2
44.Kxe2 Kf4 45.Kd3 Kf3 46.Kc3 Ke3 47.Kxb3 Kxd4 48.Kc2 Kc4 49.Kd2 Kb4 50.Kd3 Kxa5
51.Kd4 Kb4 52.Kxd5 a5 53.Kc6 a4  1/2-1/2

[Event "12th Donau Open"]
[Site "Aschach GER"]
[Date "2003.12.30"]
[Round "6"]
[White "Aschenbrenner,R"]
[Black "Zwettler,M"]
[Result "1/2-1/2"]
[WhiteElo "2243"]
[BlackElo "2193"]

1.d4 e6 2.Nf3 c5 3.e4 cxd4 4.Nxd4 a6 5.Nc3 b5 6.a3 Bb7 7.Be3 Qc7 8.Bd3 Nf6
9.O-O Be7 10.Kh1 d6 11.f3 Nbd7 12.Qe1 O-O 13.Qf2 Ne5 14.Nde2 d5 15.Ng3 Nc4
16.Bxc4 Qxc4 17.exd5 Bxd5 18.Nxd5 Nxd5  1/2-1/2

[Event "Christmas Open"]
[Site "Zurich SUI"]
[Date "2003.12.30"]
[Round "7"]
[White "Milosevic,G"]
[Black "Kengis,E"]
[Result "0-1"]
[WhiteElo "2405"]
[BlackElo "2572"]

1.e4 c5 2.Nf3 e6 3.d4 cxd4 4.Nxd4 a6 5.Nc3 b5 6.g3 Bb7 7.Bg2 b4 8.Nb1 Nf6
9.Qe2 Nc6 10.Nxc6 Bxc6 11.c4 Bc5 12.O-O e5 13.Nd2 a5 14.Nb3 Be7 15.Bd2 Qb8
16.Nc1 Qb7 17.Re1 O-O 18.Nd3 d6 19.f4 exf4 20.Nxf4 Nd7 21.Nd5 Bxd5 22.exd5 Bf6
23.Bf4 Qb6+ 24.Kh1 Nc5 25.Rad1 a4 26.Qf2 b3 27.a3 Qa6 28.Rd2 Rae8 29.Rde2 Nd3  0-1

[Event "Hilton Chess Festival"]
[Site "Basel SUI"]
[Date "2004.01.01"]
[Round "1"]
[White "Mitkov,N"]
[Black "Bojic,Z"]
[Result "1-0"]
[WhiteElo "2520"]
[BlackElo "2127"]

1.e4 c5 2.Nc3 e6 3.Nf3 a6 4.d4 cxd4 5.Nxd4 Qc7 6.Bd3 Nf6 7.O-O Be7 8.Kh1 d6
9.f4 Nbd7 10.Qe1 b6 11.Qg3 g6 12.Bd2 Bb7 13.Rae1 d5 14.e5 Nh5 15.Qh4 Ng7
16.Nce2 Nc5 17.Rc1 Rc8 18.Be3 Qd8 19.Qh3 h5 20.Nf3 b5 21.Ned4 O-O 22.Nb3 Ne4
23.Nfd2 Nf5 24.Rfe1 Nxd2 25.Nxd2 Qa5 26.Nb3 Qxa2 27.Bxf5 exf5 28.Bd4 Qa4
29.e6 f6 30.Qe3 Qb4 31.Bc3 Qd6 32.Nd4 Kh7 33.Rcd1 Rfe8  1-0

[Event "ch-AUS"]
[Site "Adelaide AUS"]
[Date "2004.01.02"]
[Round "4"]
[White "Blazkova,P"]
[Black "Jovanovic,Pete"]
[Result "1/2-1/2"]
[WhiteElo "2266"]
[BlackElo "2068"]

1.e4 c5 2.Nf3 e6 3.d4 cxd4 4.Nxd4 a6 5.Nc3 Qc7 6.g3 Bb4 7.Ne2 Nf6 8.Bg2 O-O
9.O-O Be7 10.h3 Rd8 11.Kh2 d6 12.Be3 Bd7 13.a4 Nc6 14.f4 Na5 15.b3 Rdc8 16.g4 Bc6
17.g5 Nd7 18.Nd4 Rab8 19.Qe2 Nf8 20.Bd2 Be8 21.Rf3 Nc6 22.Nxc6 Bxc6 23.Rg3 b5
24.axb5 axb5 25.b4 d5 26.exd5 exd5 27.Nxd5 Bxd5 28.Bxd5 Bd6 29.Bb3 Ng6 30.Kh1 Re8
31.Re3 Rxe3  1/2-1/2

[Event "Hilton Chess Festival"]
[Site "Basel SUI"]
[Date "2004.01.03"]
[Round "6"]
[White "Riff,JN"]
[Black "Siebrecht,S"]
[Result "1-0"]
[WhiteElo "2372"]
[BlackElo "2397"]

1.e4 c5 2.Nf3 e6 3.Nc3 a6 4.d4 cxd4 5.Nxd4 Qc7 6.Bd3 b5 7.O-O Bb7 8.Qe2 d6
9.a4 b4 10.Na2 e5 11.Nb3 a5 12.c3 bxc3 13.Nxc3 Nf6 14.Bg5 Be7 15.Rac1 Qd8
16.Bb5+ Nbd7 17.Bxf6 Bxf6 18.Rfd1 Be7 19.Qg4 g6 20.Nd5 Bxd5 21.Rxd5 Ra7 22.Nxa5 f5
23.exf5 Rxa5 24.f6 O-O 25.fxe7 Qxe7 26.Bxd7 Rxd5 27.Be6+  1-0

[Event "Hilton Chess Festival"]
[Site "Basel SUI"]
[Date "2004.01.03"]
[Round "6"]
[White "Milosevic,G"]
[Black "Pikula,D"]
[Result "0-1"]
[WhiteElo "2395"]
[BlackElo "2532"]

1.e4 c5 2.Nf3 e6 3.d4 cxd4 4.Nxd4 a6 5.Nc3 Qc7 6.g3 Bb4 7.Bd2 Nf6 8.Bg2 Nc6
9.Nxc6 dxc6 10.O-O Bc5 11.Na4 Ba7 12.Qe1 b5 13.Ba5 Qb8 14.Nc3 e5 15.Nd1 Be6
16.Ne3 O-O 17.Rd1 Re8 18.b3 Bc5 19.Qe2 Bb6 20.Bxb6 Qxb6 21.c4 b4 22.Nf5 Bxf5
23.exf5 e4 24.Kh1 h5 25.Qc2 Qc5 26.Qd2 Qxf5 27.Qxb4 Rad8 28.Rde1 h4 29.gxh4 Qf4
30.Re3 Qxh4 31.Rg3 Rd3 32.Rxd3 exd3 33.Qd2 Ng4 34.Qf4 d2  0-1

[Event "Hilton Chess Festival"]
[Site "Basel SUI"]
[Date "2004.01.03"]
[Round "6"]
[White "Nedev,T"]
[Black "Djuric,S"]
[Result "1/2-1/2"]
[WhiteElo "2489"]
[BlackElo "2487"]

1.e4 e6 2.d4 c5 3.Nf3 cxd4 4.Nxd4 a6 5.Nc3 Qc7 6.Bd3 Nf6 7.O-O d6 8.Kh1 Nbd7
9.f4 Nc5 10.Qe2 Be7 11.Bd2 O-O 12.b4 Nxd3 13.cxd3 b6 14.Rac1 Qd7 15.b5 axb5
16.Ndxb5 Bb7 17.Be3 d5 18.e5 d4 19.Nxd4 Nd5 20.Nxd5 Bxd5 21.Rc2 Ra3 22.f5 Bc5
23.fxe6 fxe6 24.Rxf8+ Bxf8 25.Bc1 Ra8 26.h3 Bc5 27.Be3 Qa4 28.Nb3 Bxb3 29.axb3 Qa1+
30.Bc1 Qd4 31.Kh2 Rf8 32.Qe1 Qxd3 33.Qe2 Qxb3 34.Qc4 Qxc4 35.Rxc4 Rf1 36.Bb2 h5
37.h4 Kf7 38.Rc3 Kg6 39.Rg3+ Kh7 40.Rd3 Rf4 41.Kh3 Rb4 42.Rd2 Be3 43.Rc2 Rb3
44.g3 Kg6 45.Bc1 b5 46.Kg2 Kf5 47.Bxe3 Rxe3 48.Rf2+ Kxe5 49.Rb2 Kf5 50.Rxb5+ e5
51.Kf2 Ra3 52.Rb7 g6 53.Rb4 Rd3 54.Ra4 Rd6 55.Kf3 Rd4 56.Ra5 Rd3+ 57.Kf2 Rb3
58.Rc5 Rb2+ 59.Ke3 Rb4 60.Rc6 Rb5 61.Kf2 e4 62.Ra6 Rb2+ 63.Ke3 Rb3+ 64.Kf2 Rd3
65.Rb6 Ra3 66.Rc6 Ra7 67.Ke3 Re7 68.Rb6 Re5 69.Rc6 Ra5 70.Rb6 g5 71.hxg5 Ra3+
72.Kf2 Kxg5 73.Re6 Kf5 74.Re8 Rf3+ 75.Kg2 Ra3 76.Rf8+ Ke5 77.Kf2 Ra6 78.Rh8 Ra2+
79.Ke3 Ra3+ 80.Ke2 Rxg3 81.Rxh5+ Kd4 82.Ra5 Rg2+ 83.Kf1 Rc2 84.Ra3 Ke5 85.Rh3 Kf4
86.Ke1 Ra2 87.Kf1 Kg4 88.Re3 Kf4 89.Rb3  1/2-1/2

[Event "TCh-BEL 2003-4"]
[Site "Belgium BEL"]
[Date "2004.01.11"]
[Round "6"]
[White "Diepeveen,V"]
[Black "Siebrecht,S"]
[Result "0-1"]
[WhiteElo "2276"]
[BlackElo "2397"]

1.e4 c5 2.Nf3 e6 3.d4 cxd4 4.Nxd4 a6 5.Nc3 Qc7 6.Be2 b5 7.f4 Bb7 8.Bf3 Bc5
9.Qd3 d6 10.Nb3 Nd7 11.Nxc5 Nxc5 12.Qd4 e5 13.Qb4 Nf6 14.Be3 Rc8 15.O-O O-O
16.Rad1 a5 17.Nxb5 axb4 18.Nxc7 Rxc7 19.Rxd6 Ncd7 20.fxe5 Nxe5 21.Rb6 Nc4
22.Bf4 Nxb6 23.Bxc7 Nc4 24.b3 Rc8 25.bxc4 Rxc7 26.Rb1 Rxc4 27.c3 Nxe4 28.Rxb4 Rxb4
29.cxb4 Kf8 30.a4 Ke7 31.a5 Kd6 32.g4 Kc7 33.b5 Bd5 34.Bxe4 Bxe4 35.Kf2 Bd3
36.b6+ Kc6 37.Ke3 Ba6 38.Ke4 Kb5 39.Kd5 Bb7+ 40.Kd6 g6 41.g5 Kxa5 42.Ke7 Kxb6
43.Kxf7 Kc5 44.Kg7 Bf3  0-1

[Event "TCh-SWE 2003-4"]
[Site "Malmo SWE"]
[Date "2004.01.17"]
[Round "6"]
[White "Sanden,S"]
[Black "Svensk,I"]
[Result "1-0"]
[WhiteElo "2315"]
[BlackElo "2295"]

1.e4 c5 2.Nf3 e6 3.d4 cxd4 4.Nxd4 a6 5.Nc3 Qc7 6.Bd3 Nf6 7.O-O b5 8.Qe2 Bb7
9.Kh1 Nc6 10.Nb3 Ne5 11.f4 Nxd3 12.cxd3 b4 13.Nd1 a5 14.Be3 a4 15.Rc1 Qb8
16.Nc5 Bc6 17.f5 Qb5 18.fxe6 dxe6 19.e5 Ne4 20.Qf3 Nd6 21.Nxe6 Bxf3 22.Nc7+ Kd7
23.Rxf3 Qxe5 24.Nxa8 Be7 25.Nb6+ Ke8 26.Bf2 Bg5 27.Ne3 Qxb2 28.Rc6 Qb1+ 29.Bg1 Nb7
30.Rc8+ Nd8 31.Nf5 g6 32.Nd6+ Kf8 33.Nxf7 Kg7 34.Nxg5 b3 35.Rc7+ Kh6 36.h4 bxa2
37.Kh2 a1=Q 38.Be3  1-0